Państwa na literę S - nagła śmierć na mapie - Statystyki

Ogólne statystyki
  • Ten quiz został rozwiązany 470 razy
    429 od ostatniego zresetowania
  • Średni wynik to 8 z 15
Answers on the Grid
Answers color-coded by a green-red scale on the quiz's grid according to % correct below.
 
Statystyki odpowiedzi
Odpowiedź % Poprawnych
San Marino, Serbia, Słowacja, Słowenia, Szwajcaria
88%
Szwecja
77%
Saint Kitts i Nevis, Saint Lucia, Saint Vincent i Grenadyny, Salwador, Surinam
69%
Sudan, Sudan Południowy
68%
Somalia, Sudan, Sudan Południowy
65%
Syria
61%
Stany Zjednoczone
60%
Stany Zjednoczone
55%
Senegal, Sierra Leone
52%
Singapur, Sri Lanka
48%
Seszele
40%
Samoa
35%
Stany Zjednoczone
31%
Salwador
29%
Stany Zjednoczone
7%
Nie znaleziono quizów pasujących do podanych kryteriów
Rozkład punktacji
Procent ludzi z każdym wynikiem
Percentyl według liczby udzielonych odpowiedzi
Twoja historia wyników
Nie rozwiązałeś tego quizu od ostatniego zresetowania